000
00304nam a2200109Ia 4500
008
200302s9999 xx 000 0 und d
100
_a
Pia Brancaccio
245
_a
Living Rock: Buddhist, Hindu and Jain Cave Temples in the Western Deccan
260
_b
Marg Publication
260
_c
2013
300
_a
140 P.,
999
_c
3268
_d
3268